| 000 | 02380nam a22003735a 4500 | ||
|---|---|---|---|
| 003 | OSt | ||
| 005 | 20170402123518.0 | ||
| 008 | 170402s2016 ua frb 000 0 ara d | ||
| 015 | _a2013 / 11246 | ||
| 020 | _a9789773153656 | ||
| 040 |
_aEG-ScBUE _bara _cEG-ScBUE |
||
| 043 | _af-ua--- | ||
| 082 | 0 | 4 |
_a346.62015 _bح س ي _222 |
| 100 | 1 |
_aحسيني، أحمد إبراهيم إبراهيم، _d1945-1874. |
|
| 245 | 1 | 0 |
_aكتاب الشريعة الإسلامية : _bالأحوال الشخصية : الأهلية وعوارضها وأحكام التصرف عن الغير : الولاية، الوصاية، القوامة، المساعدة القضائية، الوكالة، الفضالة في الشريعة الإسلامية والقانون : معلقا عليها بأحكام المحكمة الدستورية العليا ومحكمة النقض / _cمن قلم أحمد إبراهيم بك، واصل علاء الدين أحمد إبراهيم. |
| 246 | 3 | 4 |
_aكتاب الأهلية وعوارضها وأحكام التصرف عن الغير : _bالولاية، الوصاية، القوامة، المساعدة القضائية، الوكالة، الفضالة في الشريعة الإسلامية والقانون : معلقا عليها بأحكام المحكمة الدستورية العليا ومحكمة النقض |
| 246 | 3 | 0 | _aالأهلية وعوارضها وأحكام التصرف عن الغير |
| 246 | 3 | 0 | _aالأحوال الشخصية |
| 260 |
_aالقاهرة : _bالمكتبة ألأزهرية للتراث، _c2016. |
||
| 300 |
_a551 ص. ؛ _c24 سم. |
||
| 504 | _aيشتمل على إرجاعات ببليوجرافية. | ||
| 610 | 1 | 7 |
_aمصر. _bالمحكمة الدستورية العليا. _2BUEsh _941178 |
| 610 | 1 | 7 |
_aمصر. _bمحكمة النقض. _2BUEsh _940940 |
| 650 | 7 |
_aالأهلية (فقه إسلامي) _2BUEsh |
|
| 650 | 7 |
_aالولاية (فقه إسلامي) _2BUEsh |
|
| 650 | 7 |
_aالأحوال الشخصية _xقوانين وتشريعات _zمصر. _2BUEsh |
|
| 650 | 7 |
_aالأحوال الشخصية (فقه إسلامي) _2BUEsh |
|
| 651 | _2BUEsh | ||
| 653 |
_bLLAAWW _cApril2017 |
||
| 700 | 1 | _aإبراهيم، واصل علاء الدين أحمد. | |
| 740 | 2 | 2 | _aالأهلية وعوارضها والولاية. |
| 740 | 0 | 2 | _aأحكام التصرف عن الغير. |
| 942 | _2ddc | ||
| 999 |
_c24580 _d24552 |
||